<?xml version="1.0" encoding="UTF-8"?><?xml-stylesheet type="text/xsl" href="static/style.xsl"?><OAI-PMH xmlns="http://www.openarchives.org/OAI/2.0/" xmlns:xsi="http://www.w3.org/2001/XMLSchema-instance" xsi:schemaLocation="http://www.openarchives.org/OAI/2.0/ http://www.openarchives.org/OAI/2.0/OAI-PMH.xsd"><responseDate>2026-04-17T06:26:46Z</responseDate><request verb="GetRecord" identifier="oai:www.recercat.cat:2117/430496" metadataPrefix="marc">https://recercat.cat/oai/request</request><GetRecord><record><header><identifier>oai:recercat.cat:2117/430496</identifier><datestamp>2025-07-22T15:43:26Z</datestamp><setSpec>com_2072_1033</setSpec><setSpec>col_2072_452951</setSpec></header><metadata><record xmlns="http://www.loc.gov/MARC21/slim" xmlns:dcterms="http://purl.org/dc/terms/" xmlns:xsi="http://www.w3.org/2001/XMLSchema-instance" xmlns:doc="http://www.lyncode.com/xoai" xsi:schemaLocation="http://www.loc.gov/MARC21/slim http://www.loc.gov/standards/marcxml/schema/MARC21slim.xsd">
   <leader>00925njm 22002777a 4500</leader>
   <datafield ind2=" " ind1=" " tag="042">
      <subfield code="a">dc</subfield>
   </datafield>
   <datafield ind2=" " ind1=" " tag="720">
      <subfield code="a">Iriondo Pesarrodona, Ferran</subfield>
      <subfield code="e">author</subfield>
   </datafield>
   <datafield ind2=" " ind1=" " tag="260">
      <subfield code="c">2025-02-27</subfield>
   </datafield>
   <datafield ind2=" " ind1=" " tag="520">
      <subfield code="a">Quantum Key Distribution is a communication method following a cryptographic protocol based on&#xd;
key exchange. The keys for encrypting and decrypting are based on physical principles. In (Bennett&#xd;
&amp; Brassard, 2014) is stated, that polarized photons can be used to transmit digital information. The&#xd;
quantum states of photons, so the polarization with 0, 45 or 90 degrees, contains the information.&#xd;
So a quantum channel transmits encrypted information with single photons, which has to be sent and&#xd;
detected.&#xd;
The main part of our project is to provide functional hardware with a single photon source and detector.&#xd;
The purpose will be fulfilled as a basis for a future minor project of Fontys Engineering.&#xd;
The project starts with research on QKD and quantum physics due to the lack of knowledge of the&#xd;
group members about the assigned project topic. In this context, meetings are held with technical&#xd;
support professors Chris Lee and Mark Greuell, who help to learn more about the topic. The next step&#xd;
is a simple experiment involving some filters, a laser and a detector. The aim of it is to understand&#xd;
what the main part of the project is about, getting familiar with the laboratory components, and be&#xd;
able to calculate the attenuation which is needed for the laser in the final experiment of single photons.&#xd;
After creating a document in which the required attenuation is calculated and verified with Mart, the&#xd;
process begins with the development of the layout with all the optical elements and circuits necessary&#xd;
for operation. From this point the ordering of the necessary components starts and then the assembly&#xd;
using breadboards and other simple components provided by the Fontys Applied Sciences department.&#xd;
With the project, a few challenges have to be faced. The first components of the detector circuit&#xd;
were too slow, so faster electronics should eliminate the lack of speed. Also placing the parts on a&#xd;
breadboard is not working because they are too lose, so they are placed on a perfboard. For the optical&#xd;
setup and the Laser circuit, it is important to really calculate everything to not order the wrong parts.&#xd;
Soldering is also challenging in the beginning because some of the students have never done it before.&#xd;
Designing the PCB in KiCad is harder than expected because the software is really complex; however&#xd;
this challenged is faced with the help of the teacher.</subfield>
   </datafield>
   <datafield ind2=" " ind1=" " tag="520">
      <subfield code="a">Outgoing</subfield>
   </datafield>
   <datafield tag="653" ind2=" " ind1=" ">
      <subfield code="a">Àrees temàtiques de la UPC::Enginyeria de la telecomunicació::Telecomunicació òptica::Fotònica</subfield>
   </datafield>
   <datafield tag="653" ind2=" " ind1=" ">
      <subfield code="a">Quantum optics</subfield>
   </datafield>
   <datafield tag="653" ind2=" " ind1=" ">
      <subfield code="a">Photonics</subfield>
   </datafield>
   <datafield tag="653" ind2=" " ind1=" ">
      <subfield code="a">Òptica quàntica</subfield>
   </datafield>
   <datafield tag="653" ind2=" " ind1=" ">
      <subfield code="a">Fotònica</subfield>
   </datafield>
   <datafield ind2="0" ind1="0" tag="245">
      <subfield code="a">QKD: Single Photon Generator and Detector</subfield>
   </datafield>
</record></metadata></record></GetRecord></OAI-PMH>